00626nam a2200169 a 450000100100000000500170001000800410002704000250006808200150009310000400010824500820014826000410023030000270027159000280029895201130032699900170043900004850120201002061211.0190325s2015 dr a r 000 spa d aDO-SdBNPbspacBNPHU axxxbL581p aLeonardo de Núñez, Reina91907810aPinceladas históricas en música y palabras. /cReina Leonardo de Nuñez. a[Santo Domingo] :bMediabyte,c2015. a26 p. :bil. ;c22 cm. aInventariado, 2019 / DG 0010718PDaPDbPDcHDd2019-03-25iLF1l0oxxx L581pp48501-10r2020-06-25w2020-06-25yLFPDZNo se presta c47989d47989